000 01143cam a22003133 4500
001 1119
005 20230815104957.0
008 030710t20032001nyua 000 1 eng
020 _a0439448980
040 _aDLC
_cDLC
_beng
_dFISKH
050 0 0 _aPZ7
082 _aFic
100 1 _aBaglio, Ben M.
245 1 0 _aCats in the castle /
_cBen M. Baglio ; illustrations by Ann Baum
250 _aFirst Scholastic printing, January 2003
260 _aNew York :
_bScholastic,
_c2001.
300 _a129 pages :
_billustrations ;
_c20 cm
490 0 _aAnimal Ark hauntings ;
_vBook 8
500 _a"An Apple paperback."
505 _aQ
520 _aWhilst pony trekking with her cousin, Mandy gets separated and lost in the fog. She comes across a skewbald foal, who disappears back into the mist. Abby, is haunted by the death of her own skewbald foal, who lost its life in fog.
521 _a730
_bLexile
521 _aQ
_bRaz-Plus
655 7 _aChildren's stories.
_2lcsh
655 7 _aMystery fiction.
_2gsafd
700 1 _aButler, John
_d1952-
906 _a7
_bcbc
_corignew
_d2
_encip
_f20
_gy-genrareb
942 _2ddc
_cBK
_n0
999 _c1119
_d1119